000 00649nam a2200193Ia 4500
003 GCL
008 140319s9999 xx 000 0 ara d
040 _aGCL /
_cGCL
082 0 4 _a330.956
_bم س
100 1 _aمركز المحروسة للمعلومات
245 1 0 _aالسوق الشرق اوسطية /
_cمركز المحروسة للمعلومات
300 _aمتعدد
490 _aالهيئة العامة للاستعلامات
_v0
650 0 4 _aالاقتصاد
650 0 4 _aالاحوال الاقتصادية
650 0 4 _aالعلاقات الخارجية
650 0 4 _aالسوق الشرق اوسطية
942 _2ddc
_cBK
999 _c50202
_d50202